000 00503nam a2200181Ia 4500
005 20250508152950.0
008 008 250505s9999 xx 000 0 eng d
037 _aTextual
040 _aFEDL
_beng
_cFEDL
041 _aeng
_2eng
084 _a916.215, SON
_qFEDL
100 _aSondergaard Arensa
_9762863
245 0 _aFirst geography of the suez canal
260 _aLondon, UK
_bDennis Dobson
_c1960
300 _a61p.
942 _cTEXL
_h916.215, SON
999 _c1339870
_d1339870